Flexión en miembros preesforzardos de concreto de alta resistencia
Sábháilte in:
| Príomhchruthaitheoir: | |
|---|---|
| Formáid: | LEABHAR |
| Foilsithe / Cruthaithe: |
[San José , Costa Rica]
1985
|
| Ábhair: | |
| Clibeanna: |
Cuir clib leis
Níl clibeanna ann, Bí ar an gcéad duine le clib a chur leis an taifead seo!
|
MARC
| LEADER | 00000nam a2200000Ia 4500 | ||
|---|---|---|---|
| 003 | 003033 | ||
| 005 | 20221231144358.0 | ||
| 008 | 140114s1985 cr a m 000 ||s d | ||
| 040 | |c cru CEDI | ||
| 090 | |a TFG 1792 | ||
| 100 | |a Nieto Echandi, Mauricio |9 14293 | ||
| 245 | |a Flexión en miembros preesforzardos de concreto de alta resistencia | ||
| 260 | |c 1985 |a [San José , Costa Rica] | ||
| 300 | |a xvi, 176 hojas : ilustraciones ; 28 cm | ||
| 500 | |a Proyecto de graduación (licenciatura en ingeniería civil)--Universidad de Costa Rica. Facultad de Ingeniería. Escuela de Ingeniería Civil | ||
| 650 | |x HORMIGON - PRUEBAS |9 14294 | ||
| 942 | |c TFG | ||
| 999 | |c 20982 |d 20982 | ||
